Education and career: an immigrants journey in the promise land (Record no. 29343)

MARC details
000 -LEADER
fixed length control field 00486nam a2200181Ia 4500
020 ## - INTERNATIONAL STANDARD BOOK NUMBER
ISBN 096759880x
050 ## - CALL MARK
Classification number LC 1044 .L5/
100 ## - STATEMENT OF RESPONSIBILITY--MAIN AUTHOR NAME
Personal name Li , Richard T.
245 #0 - TITLE STATEMENT
Title Education and career: an immigrants journey in the promise land
260 ## - PUBLICATION, DISTRIBUTION, ETC. (IMPRINT)
Place of publication Texas
260 ## - PUBLICATION, DISTRIBUTION, ETC. (IMPRINT)
Name of publisher Great Impression
260 ## - PUBLICATION, DISTRIBUTION, ETC. (IMPRINT)
Year of publication 1999
300 ## - PHYSICAL DESCRIPTION
Number of Pages 195 p
650 ## - SUBJECT ADDED ENTRY--TOPICAL TERM
Topical Term Vocational education. Vocational guidance.
942 ## - ADDED ENTRY ELEMENTS (KOHA)
Koha item type Books
Holdings
Withdrawn status Lost status Source of classification or shelving scheme Damaged status Not for loan Permanent Location Current Location Date acquired Accession Number Price effective from Koha item type
    Library of Congress Classification     NILE UNIVERSITY OF NIGERIA - MAIN LIBRARY NILE UNIVERSITY OF NIGERIA - MAIN LIBRARY 04/23/2025 0000024 04/23/2025 Books